00000000nam 2200000zi 4500
0019.950210
003CaOODSP
00520250821120136
006m     o  d f      
007cr mn|||||||||
008250416t20252025onc     o    f000 0 fre d
020 |a9780660769639
040 |aCaOODSP|bfre|erda|cCaOODSP
043 |an-cn---
0861 |aH149-34/5-2025F-PDF|zH149-34/5-2025F
24503|aRestrictions sur la promotion des produits du tabac et de vapotage sur internet et sur les médias sociaux.
264 1|a[Ottawa] : |bSanté Canada = Health Canada, |c[2025]
264 4|c©2025
300 |a1 ressource en ligne (1 page non numérotée)
336 |atexte|btxt|2rdacontent/fre
337 |ainformatique|bc|2rdamedia/fre
338 |aressource en ligne|bcr|2rdacarrier/fre
500 |aTitre de départ.
500 |aLe numéro de catalogue (H149-34/5-2025F) imprimé dans cette publication est incorrect.
500 |aPublié aussi en anglais sous le titre : Tobacco and vaping products promotion restrictions on the internet and social media.
520 |a« Rappel destiné aux fabricants, importateurs, distributeurs et détaillants de produits du tabac et de produits de vapotage ainsi qu'aux organisateurs de festivals et événements » -- Page [1].
530 |aÉgalement publié en version imprimée.
61016|aCanada. |tLoi sur le tabac et les produits de vapotage.
650 6|aProduits du tabac|xDroit|zCanada.
650 6|aVapotage|xDroit|zCanada.
650 6|aJeunesse|xTabagisme|zCanada.
650 6|aPublicité sur Internet|zCanada.
650 6|aMédias sociaux et jeunesse|zCanada.
7101 |aCanada. |bSanté Canada, |eorganisme de publication.
77508|tTobacco and vaping products promotion restrictions on the internet and social media.|w(CaOODSP)9.950208
7760#|tLa Loi sur le tabac et les produits de vapotage : |w(CaOODSP)9.950211
85640|qPDF|s190 Ko|uhttps://publications.gc.ca/collections/collection_2025/sc-hc/H149-34-5-2025-fra.pdf
986 |a250025